000 00513nam a2200229Ia 4500
003 OSt
005 20220912144328.0
006 a|||||r|||| 00| 0
007 ta
008 220909b |||||||| |||| 00| 0 eng d
020 _aSL01176563
024 _a195660
037 _cTextual
040 _aCSL
_beng
_cCSL
041 _aeng
082 _aG:3, P0
100 _aYBorley
245 0 _aInstant physiology
700 _aYBorley
942 _hG:3, P0
_cTEXL
_2CC
999 _c5069
_d5069